|
|
|
|
| LEADER |
00000nam0a2200000 4500 |
| 001 |
255759 |
| 005 |
20231101233044.0 |
| 010 |
|
|
|a 9785744428181
|
| 035 |
|
|
|a (RuTPU)RU\TPU\book\278295
|
| 090 |
|
|
|a 255759
|
| 100 |
|
|
|a 20140401d2012 k y0rusy50 ca
|
| 101 |
0 |
|
|a rus
|
| 102 |
|
|
|a RU
|
| 105 |
|
|
|a a z 001zy
|
| 200 |
1 |
|
|a Котельные установки с циклонными предтопками
|e монография
|f А. Н. Штым, К. А. Штым, Е. Ю. Дорогов
|
| 210 |
|
|
|a Владивосток
|c Издательский дом ДВФУ
|d 2012
|
| 215 |
|
|
|a 421 с.
|c ил.
|
| 320 |
|
|
|a Библиогр.: с. 405-420.
|
| 330 |
|
|
|a В монографии рассмотрены особенности аэродинамики циклонно-вихревых топочных камер и предложена методика их расчета. Обоснована конструкция предтопка с воздушным охлаждением и комбинированной генерацией концентрированного вихря для эффективного и экологичного сжигания топлива. Систематизированы исследования и опыт внедрения вихревого сжигания мазута и газа в предтопках, установленных к паровым и водогрейным котельным установкам различного типа. Приводятся рекомендации по модернизации котлов с установкой к ним циклонных предтопков и излагаются перспективы их применения. Для научных работников и инженеров, занимающихся разработкой и внедрением вихревой технологии в котельной технике, а также преподавателей и студентов тепло-энергетических специальностей.
|
| 606 |
1 |
|
|a Котельные установки
|2 stltpush
|3 (RuTPU)RU\TPU\subj\15977
|9 42172
|
| 610 |
1 |
|
|a топливо
|
| 610 |
1 |
|
|a вихревое сжигание
|
| 610 |
1 |
|
|a циклонно-вихревые камеры
|
| 610 |
1 |
|
|a аэродинамика
|
| 610 |
1 |
|
|a вихревое движение
|
| 610 |
1 |
|
|a стенды
|
| 610 |
1 |
|
|a образцы
|
| 610 |
1 |
|
|a исследование
|
| 610 |
1 |
|
|a наладка
|
| 610 |
1 |
|
|a паровые котлы
|
| 610 |
1 |
|
|a модернизация
|
| 610 |
1 |
|
|a водогрейные котлы
|
| 610 |
1 |
|
|a циклонные предтопки
|
| 610 |
1 |
|
|a теплообмен
|
| 610 |
1 |
|
|a монографии
|
| 675 |
|
|
|a 621.181
|v 3
|
| 700 |
|
1 |
|a Штым
|b А. Н.
|g Анатолий Николаевич
|
| 701 |
|
1 |
|a Штым
|b К. А.
|g Константин Анатольевич
|
| 701 |
|
1 |
|a Дорогов
|b Е. Ю.
|g Евгений Юрьевич
|
| 712 |
0 |
2 |
|a Дальневосточный федеральный универститет (ДВФУ)
|c (Владивосток)
|c (2008- )
|2 stltpush
|3 (RuTPU)RU\TPU\col\19571
|
| 801 |
|
1 |
|a RU
|b 63413507
|c 20140401
|
| 801 |
|
2 |
|a RU
|b 63413507
|c 20140410
|g RCR
|
| 942 |
|
|
|c BK
|